Представление документа в формате RUSMARC

Поле Инд. ПП Название Значение
Тип записи a
Библиографический уровень a
001 Контрольный номер 5de2fa40efc64e4ea98b82bfd583c61e
005 Дата корректировки 20190404133947.3
100 a Данные общей обработки 20190404 ||| 0rusy0189 ca
101 0_ a Язык текста rus
102 a Страна публикации RU
200 1_ f Первые сведения об ответственности Н.А. Артебякина
a Заглавие Судебное усмотрение в гражданском судопроизводстве
b Общее обозначение материала Текст
210 1_ d Дата издания 2019
461 _0 1 2000
a Арбитражный и гражданский процесс
463 _0 1 2000
a № 3
v С. 21-25
1 2101
d 2019
1 0011daabc64a5b44d6092378da43232566e
606 a Основная рубрика Гражданское процессуальное право
610 0_ a Ключевые слова УСМОТРЕНИЕ СУДЕБНОЕ
a Ключевые слова ГРАЖДАНСКИЙ ПРОЦЕСС
700 _1 a Фамилия Артебякина
b Имя Н.А.
801 _0 a Страна RU
b Организация РГУП
c Дата составления 20190404
g Правила каталогизации PSBO
801 _1 a Страна RU
b Организация РГУП
c Дата составления 20190404
g Правила каталогизации PSBO
901 t Тип документа b
w Контрольный № источника 1daabc64a5b44d6092378da43232566e
905 a Дата ввода 20190404